000 00369nam a22001451a 4500
082 _aT 780.95487
_bBAL/G
100 _aBalasubrahmaniyan G N
245 _aGanabhaskara manimali/
_cby Balasubrahmaniyan G N
260 _aChennai:
_bKarnatic Music Book Centre,
_c2004.
300 _a90p.
650 _aCarnatic Music
650 _aMusic
650 _aArts
942 _cBK
999 _c15347
_d15347